| 000 | 00721pam a2200217 a 4500 | ||
|---|---|---|---|
| 999 |
_c7590 _d7590 |
||
| 003 | OSt | ||
| 005 | 20200316162306.0 | ||
| 008 | 990111r19991939nyua 000 0 eng | ||
| 020 | _a0486404730 (pbk.) | ||
| 040 |
_aDLC _cDLC _dDLC |
||
| 082 | 0 | 0 |
_a742 _221 _bNOR |
| 100 | 1 |
_aNorling, Ernest R. _q(Ernest Ralph), _d1892- |
|
| 245 | 1 | 0 |
_aPerspective made easy / _cErnest R. Norling. |
| 260 |
_aMineola, N.Y. : _bDover Publications, _c1999. |
||
| 300 |
_axii, 203 p. : _bill. ; _c22 cm. |
||
| 500 | _aOriginally published: New York : Macmillian, 1939. | ||
| 650 | 0 | _aPerspective. | |
| 650 | 0 |
_aDrawing _xTechnique. |
|
| 856 | 4 | 2 |
_3Publisher description _uhttp://www.loc.gov/catdir/description/dover033/99010310.html |
| 942 | _2ddc | ||